<?xml version="1.0" encoding="UTF-8"?>
<collection xmlns="http://www.loc.gov/MARC21/slim">
<record>
  <controlfield tag="001">109420</controlfield>
  <controlfield tag="005">20220111162039.0</controlfield>
  <datafield tag="024" ind1="7" ind2=" ">
    <subfield code="2">doi</subfield>
    <subfield code="a">10.35424/rcarto.i103.1026</subfield>
  </datafield>
  <datafield tag="024" ind1="8" ind2=" ">
    <subfield code="2">sideral</subfield>
    <subfield code="a">125506</subfield>
  </datafield>
  <datafield tag="037" ind1=" " ind2=" ">
    <subfield code="a">ART-2021-125506</subfield>
  </datafield>
  <datafield tag="041" ind1=" " ind2=" ">
    <subfield code="a">spa</subfield>
  </datafield>
  <datafield tag="100" ind1=" " ind2=" ">
    <subfield code="a">Ureña-Cámara, M. A.</subfield>
  </datafield>
  <datafield tag="245" ind1=" " ind2=" ">
    <subfield code="a">Revisión de la calidad de los conjuntos de datos abiertos sobre presupuestos</subfield>
  </datafield>
  <datafield tag="260" ind1=" " ind2=" ">
    <subfield code="c">2021</subfield>
  </datafield>
  <datafield tag="520" ind1="3" ind2=" ">
    <subfield code="a">En este trabajo se presentan los resultados de la evaluación de la calidad de los conjuntos de datos abiertos sobre presupuestos disponibles en España. Para llevar a cabo la comparativa de evaluación se ha adoptado la Metodología de Evaluación de la Calidad de los Metadatos propuesta por el Portal de Datos Europeo (MQA). Se ha adaptado una metodología automática que aplica las cinco dimensiones de MQA separadas por la propiedad espacial y que es capaz de generar gráficas de descripción del conjunto de metadatos y otras gráficas comparativas siguiendo el ejemplo del ranking existente en el portal de MQA. Los resultados indican que, a pesar de las diferentes entidades que elaboran los metadatos, todos ellos alcanzan una puntuación similar limitada únicamente por la norma que define el diseño del portal de datos abiertos en España.   In this work, we present the results of quality evaluation of budget open datasets in  Spain.  To  achieve  this  quality  evaluation  we  have  applied  the  Metadata  Quality  Assurance  (MQA)  methodology  proposed  to  check  the  European  open data portal. Following this, a methodology to test the five dimensions of MQA grouped by the spatial property has been developed. In addition, an automatic procedure to create comparative graphs, the first describing the spatial property of the corpus and the second following the MQA ranking. The results show that, even with some different dataset (and metadata) producers, the MQA value is similar in all the cases and are mainly limited by the policy that defines the design of open data portal in Spain.</subfield>
  </datafield>
  <datafield tag="506" ind1="0" ind2=" ">
    <subfield code="a">Access copy available to the general public</subfield>
    <subfield code="f">Unrestricted</subfield>
  </datafield>
  <datafield tag="540" ind1=" " ind2=" ">
    <subfield code="9">info:eu-repo/semantics/openAccess</subfield>
    <subfield code="a">by-nc-sa</subfield>
    <subfield code="u">http://creativecommons.org/licenses/by-nc-sa/3.0/es/</subfield>
  </datafield>
  <datafield tag="655" ind1=" " ind2="4">
    <subfield code="a">info:eu-repo/semantics/article</subfield>
    <subfield code="v">info:eu-repo/semantics/publishedVersion</subfield>
  </datafield>
  <datafield tag="700" ind1=" " ind2=" ">
    <subfield code="a">Nogueras Iso, J.</subfield>
    <subfield code="u">Universidad de Zaragoza</subfield>
    <subfield code="0">(orcid)0000-0002-1279-0367</subfield>
  </datafield>
  <datafield tag="700" ind1=" " ind2=" ">
    <subfield code="a">Lacasta, J.</subfield>
    <subfield code="u">Universidad de Zaragoza</subfield>
    <subfield code="0">(orcid)0000-0003-3071-5819</subfield>
  </datafield>
  <datafield tag="710" ind1="2" ind2=" ">
    <subfield code="1">5007</subfield>
    <subfield code="2">570</subfield>
    <subfield code="a">Universidad de Zaragoza</subfield>
    <subfield code="b">Dpto. Informát.Ingenie.Sistms.</subfield>
    <subfield code="c">Área Lenguajes y Sistemas Inf.</subfield>
  </datafield>
  <datafield tag="773" ind1=" " ind2=" ">
    <subfield code="g">103 (2021), 145-163</subfield>
    <subfield code="p">Rev. cartogr.</subfield>
    <subfield code="t">Revista cartográfica</subfield>
    <subfield code="x">0080-2085</subfield>
  </datafield>
  <datafield tag="856" ind1="4" ind2=" ">
    <subfield code="s">1796717</subfield>
    <subfield code="u">http://zaguan.unizar.es/record/109420/files/texto_completo.pdf</subfield>
    <subfield code="y">Versión publicada</subfield>
  </datafield>
  <datafield tag="856" ind1="4" ind2=" ">
    <subfield code="s">1204338</subfield>
    <subfield code="u">http://zaguan.unizar.es/record/109420/files/texto_completo.jpg?subformat=icon</subfield>
    <subfield code="x">icon</subfield>
    <subfield code="y">Versión publicada</subfield>
  </datafield>
  <datafield tag="909" ind1="C" ind2="O">
    <subfield code="o">oai:zaguan.unizar.es:109420</subfield>
    <subfield code="p">articulos</subfield>
    <subfield code="p">driver</subfield>
  </datafield>
  <datafield tag="951" ind1=" " ind2=" ">
    <subfield code="a">2022-01-11-14:24:32</subfield>
  </datafield>
  <datafield tag="980" ind1=" " ind2=" ">
    <subfield code="a">ARTICLE</subfield>
  </datafield>
</record>
</collection>